000
00271nam a22001217a 4500
008
180208b xxu||||| |||| 00| 0 eng d
041
_a
eng
080
_a
37
100
_a
48
101
_a
EDU
245
_a
THE STUDENT TEACHWERS GUIDE
_c
STEPHEN.B.M
942
_2
udc
_c
BK
999
_c
42054
_d
42054